[Event "Sarajevo Bosnia"]
[Site "Sarajevo"]
[Date "2003.05.27"]
[Round "9"]
[White "Kasimdzhanov, Rustam"]
[Black "Sokolov, Ivan"]
[Result "1/2-1/2"]
[WhiteElo "2680"]
[BlackElo "2677"]
[PlyCount "114"]
[EventDate "2003.05.18"]
[Source "ChessBase"]
[SourceDate "2003.09.25"]

1. e4 e5 2. Nf3 Nc6 3. Bb5 a6 4. Ba4 Nf6 5. O-O Be7 6. Re1 b5 7. Bb3 d6 8. c3 O-O 9. h3 Nb8 10. d3 c5 11. Nbd2 Nc6 12. Nf1 Be6 13. Ng3 c4 14. dxc4 bxc4 15. Ba4 Qc7 16. Qe2 Nd7 17. Be3 Nb6 18. Bc2 Rfd8 19. Nd2 Bh4 20. Ngf1 Rac8 21. Rab1 Nb8 22. Nf3 Be7 23. Bxb6 Qxb6 24. Ne3 Qa5 25. Red1 Nd7 26. h4 h6 27. g3 Nf6 28. a3 Rc5 29. Nd2 Qc7 30. b4 cxb3 31. Bxb3 Rxc3 32. Bxe6 fxe6 33. Qxa6 Qc5 34. Rb3 Rxb3 35. Nxb3 Qc8 36. Qd3 d5 37. Rc1 dxe4 38. Qb5 Qb8 39. Qc4 Bxa3 40. Qxe6+ Kh8 41. Rc6 Re8 42. Qc4 Qb4 43. Qc2 Qb5 44. Nd2 Qb2 45. Qa4 Qb4 46. Qc2 Qb2 47. Rc8 Qxc2 48. Rxe8+ Nxe8 49. Nxc2 e3 50. fxe3 Bd6 51. Ne4 Kg8 52. Kg2 g6 53. Kf3 Kf7 54. Ne1 Be7 55. Nd3 Ke6 56. Nef2 h5 57. Ne4 Ng7 1/2-1/2

[Event "EU-ch 3rd"]
[Site "Batumi"]
[Date "2002.06.17"]
[Round "6"]
[White "Galkin, Alexander"]
[Black "Socko, Bartosz"]
[Result "1/2-1/2"]
[WhiteElo "2569"]
[BlackElo "2564"]
[PlyCount "49"]
[EventDate "2002.06.12"]
[Source "ChessBase"]
[SourceDate "2002.09.20"]

1. e4 e5 2. Nf3 Nc6 3. Bb5 a6 4. Ba4 Nf6 5. O-O Be7 6. Re1 b5 7. Bb3 d6 8. c3 O-O 9. h3 Nb8 10. d3 c5 11. Nbd2 Nc6 12. Nf1 Re8 13. Ng5 Rf8 14. f4 exf4 15. Bxf4 Ne5 16. Ne3 Nfd7 17. Nf3 Nxf3+ 18. Qxf3 Ne5 19. Qe2 Bg5 20. Bh2 Be6 21. Rad1 Ng6 22. Qf3 Ne5 23. Qe2 Ng6 24. Qf3 Ne5 25. Qe2 1/2-1/2

[Event "Corr"]
[Site "?"]
[Date "2002.06.15"]
[Round "?"]
[White "Oliveira Marcio Barbosa de ("]
[Black "Schuster Peter"]
[Result "1/2-1/2"]
[WhiteElo "2581"]
[BlackElo "2547"]
[PlyCount "69"]
[EventDate "2002.??.??"]
[Source "www.chesslib.no"]
[SourceDate "2004.05.04"]

1. e4 e5 2. Nf3 Nc6 3. Bb5 a6 4. Ba4 Nf6 5. O-O Be7 6. Re1 b5 7. Bb3 d6 8. c3 O-O 9. h3 Nb8 10. d3 Nbd7 11. Nbd2 c5 12. Nf1 Nb6 13. Ng3 c4 14. dxc4 bxc4 15. Bc2 Be6 16. Nh4 Nxe4 17. Bxe4 d5 18. Bxh7+ Kxh7 19. Nf3 e4 20. Nd4 Qd7 21. Qh5+ Kg8 22. b3 Bf6 23. Be3 Qc7 24. Nge2 Bd7 25. Nc2 Rfe8 26. Bd4 Bxd4 27. Ncxd4 cxb3 28. axb3 a5 29. Qg5 Re5 30. Qg3 a4 31. bxa4 Rxa4 32. Rxa4 Nxa4 33. Rb1 f6 34. Kh1 Kf7 35. Nf4 1/2-1/2

[Event "Budapest Tungsram"]
[Site "Budapest HUN"]
[Date "1973.??.??"]
[Round "6"]
[White "Karpov, Anatoly"]
[Black "Lengyel, Levente"]
[Result "1/2-1/2"]
[WhiteElo "2660"]
[BlackElo "2450"]
[PlyCount "97"]
[EventDate "1973.??.??"]
[Source "www.chesslib.no"]
[SourceDate "2004.05.04"]

1. e4 e5 2. Nf3 Nc6 3. Bb5 a6 4. Ba4 Nf6 5. O-O Be7 6. Re1 b5 7. Bb3 d6 8. c3 O-O 9. h3 Nb8 10. d3 Nbd7 11. Nbd2 Nc5 12. Nf1 Re8 13. Ng3 Bb7 14. Bc2 Bf8 15. b4 Ncd7 16. d4 g6 17. a4 Bg7 18. Bd3 c6 19. Bg5 h6 20. Be3 Qc7 21. Rc1 Rad8 22. Qd2 Kh7 23. Qa2 Re7 24. c4 exd4 25. Bxd4 Ne5 26. Be2 Nxc4 27. Bxc4 bxc4 28. Qxc4 Rde8 29. e5 Nd5 30. exd6 Rxe1+ 31. Nxe1 Qxd6 32. Bxg7 Kxg7 33. Nd3 Nb6 34. Qc3+ Qf6 35. Qc2 Nd7 36. a5 c5 37. bxc5 Rc8 38. Qb3 Bc6 39. Nb4 Rb8 40. Qa3 Ne5 41. Rd1 Bxg2 42. Kxg2 Rxb4 43. Qxb4 Qf3+ 44. Kg1 Qxd1+ 45. Nf1 Nf3+ 46. Kg2 Ne1+ 47. Kg1 Nf3+ 48. Kg2 Ne1+ 49. Kg1 1/2-1/2

[Event "Leningrad"]
[Site "Leningrad RUS"]
[Date "1971.??.??"]
[Round "?"]
[White "Vasiukov, Evgeni A"]
[Black "Karpov, Anatoly"]
[Result "1/2-1/2"]
[WhiteElo "2570"]
[BlackElo "2540"]
[PlyCount "65"]
[EventDate "1971.??.??"]
[Source "www.chesslib.no"]
[SourceDate "2004.05.04"]

1. e4 e5 2. Nf3 Nc6 3. Bb5 a6 4. Ba4 Nf6 5. O-O Be7 6. Re1 b5 7. Bb3 d6 8. c3 O-O 9. h3 Nb8 10. d3 Nbd7 11. Nbd2 Bb7 12. Nf1 Nc5 13. Bc2 Re8 14. Ng3 Bf8 15. Nh2 d5 16. Qf3 h6 17. Nf5 a5 18. Ng4 Nxg4 19. hxg4 a4 20. Be3 Ne6 21. Qg3 dxe4 22. dxe4 Qf6 23. Rad1 Rad8 24. Qf3 Ng5 25. Qe2 Bc6 26. Bd3 Rb8 27. f3 g6 28. Ng3 Ne6 29. Qf2 Red8 30. a3 Rd6 31. Rd2 Rbd8 32. Red1 Be8 33. Bf1 1/2-1/2

[Event "RUS-chT"]
[Site "Tomsk"]
[Date "2001.05.16"]
[Round "4"]
[White "Balashov, Yuri S"]
[Black "Malaniuk, Vladimir P"]
[Result "1/2-1/2"]
[WhiteElo "2581"]
[BlackElo "2511"]
[PlyCount "24"]
[EventDate "2001.05.13"]
[Source "ChessBase"]
[SourceDate "2001.07.03"]

1. e4 e5 2. Nf3 Nc6 3. Bb5 a6 4. Ba4 Nf6 5. O-O Be7 6. Re1 b5 7. Bb3 O-O 8. c3 d6 9. h3 Nb8 10. d3 Nbd7 11. Nbd2 c5 12. Nf1 Nb6 1/2-1/2

[Event "Vrbas"]
[Site "Vrbas"]
[Date "1977.??.??"]
[Round "9"]
[White "Matulovic, Milan"]
[Black "Smejkal, Jan"]
[Result "1/2-1/2"]
[WhiteElo "2510"]
[BlackElo "2575"]
[PlyCount "35"]
[EventDate "1977.05.??"]
[Source "ChessBase"]

1. e4 e5 2. Nf3 Nc6 3. Bb5 a6 4. Ba4 Nf6 5. O-O Be7 6. Re1 b5 7. Bb3 d6 8. c3 O-O 9. h3 Nb8 10. a4 Bb7 11. d3 Nbd7 12. axb5 axb5 13. Rxa8 Bxa8 14. Na3 Bc6 15. Nc2 Nc5 16. Ba2 Bd7 17. b4 Na4 18. Bd2 1/2-1/2

[Event "Bydgoszcz Bank Pocztowy op"]
[Site "Bydgoszcz"]
[Date "2000.06.04"]
[Round "7"]
[White "Brodsky, Michail"]
[Black "Socko, Bartosz"]
[Result "1/2-1/2"]
[WhiteElo "2514"]
[BlackElo "2556"]
[PlyCount "63"]
[EventDate "2000.05.28"]
[Source "ChessBase"]
[SourceDate "2000.07.11"]

1. e4 e5 2. Nf3 Nc6 3. Bb5 a6 4. Ba4 Nf6 5. O-O Be7 6. Re1 b5 7. Bb3 d6 8. c3 O-O 9. h3 Nb8 10. d3 c5 11. Nbd2 Bb7 12. Bc2 Re8 13. Nf1 Bf8 14. Bg5 h6 15. Bh4 Nbd7 16. Ne3 Qc7 17. Bb3 g6 18. Nh2 Bg7 19. Nhg4 Nh5 20. Nf5 c4 21. Nxg7 Kxg7 22. Bc2 Nhf6 23. dxc4 bxc4 24. f3 Nxg4 25. hxg4 a5 26. Bf2 Red8 27. Be3 g5 28. Qd2 a4 29. a3 Nc5 30. Qf2 Rdc8 31. Red1 Ra6 32. Rab1 1/2-1/2

[Event "Lyon (zt)"]
[Site "?"]
[Date "1990.??.??"]
[Round "?"]
[White "Renet, O."]
[Black "van der Wiel, J."]
[Result "1/2-1/2"]
[WhiteElo "2520"]
[BlackElo "2550"]
[PlyCount "75"]
[EventDate "1990.??.??"]
[Source "ChessBase"]
[SourceDate "1990.01.01"]

1. e4 e5 2. Nf3 Nc6 3. Bb5 a6 4. Ba4 Nf6 5. O-O Be7 6. Re1 b5 7. Bb3 O-O 8. c3 d6 9. h3 Nb8 10. d3 Nbd7 11. Nbd2 Bb7 12. Nf1 Nc5 13. Bc2 Re8 14. Ng3 Bf8 15. b4 Ne6 16. d4 a5 17. bxa5 Rxa5 18. Bd2 Qa8 19. Qb1 Nf4 20. Bb3 c5 21. d5 g6 22. a4 c4 23. Bc2 bxa4 24. Ra3 Nd7 25. Be3 Rb8 26. Qd1 Nd3 27. Bxd3 cxd3 28. Qxd3 Bc8 29. Qc2 Qa6 30. Rea1 Rb3 31. Rxb3 axb3 32. Rxa5 bxc2 33. Rxa6 Bxa6 34. Ne1 f5 35. exf5 gxf5 36. Nxf5 Nf6 37. Nh6+ Bxh6 38. Bxh6 1/2-1/2

[Event "Rosario"]
[Site "Rosario"]
[Date "1996.??.??"]
[Round "8"]
[White "Rodriguez, Andres"]
[Black "Garcia Palermo, Carlos"]
[Result "1/2-1/2"]
[WhiteElo "2575"]
[BlackElo "2490"]
[PlyCount "22"]
[EventDate "1996.??.??"]
[Source "ChessBase"]

1. e4 e5 2. Nf3 Nc6 3. Bb5 a6 4. Ba4 Nf6 5. O-O Be7 6. Re1 b5 7. Bb3 d6 8. c3 O-O 9. h3 Nb8 10. d3 Nbd7 11. Nbd2 Bb7 1/2-1/2

[Event "CSR-ch int"]
[Site "Luhacovice"]
[Date "1971.??.??"]
[Round "5"]
[White "Liberzon, Vladimir M"]
[Black "Smejkal, Jan"]
[Result "1/2-1/2"]
[WhiteElo "2540"]
[BlackElo "2515"]
[PlyCount "111"]
[EventDate "1971.04.??"]
[Source "ChessBase"]

1. e4 e5 2. Nf3 Nc6 3. Bb5 a6 4. Ba4 Nf6 5. O-O Be7 6. Re1 b5 7. Bb3 d6 8. c3 O-O 9. h3 Nb8 10. d3 Nbd7 11. Nbd2 Bb7 12. Nf1 Nc5 13. Bc2 Re8 14. Ng3 Bf8 15. b4 Ncd7 16. Bb3 a5 17. a3 axb4 18. cxb4 h6 19. d4 c5 20. bxc5 dxc5 21. dxe5 Nxe5 22. Nxe5 Rxe5 23. Bb2 Re8 24. Qf3 c4 25. Bc2 Nd7 26. Nf5 Ne5 27. Qg3 Ng6 28. Rad1 Qg5 29. Qxg5 hxg5 30. Nd6 Bxd6 31. Rxd6 b4 32. Rb6 bxa3 33. Rxb7 axb2 34. Rxb2 Red8 35. e5 Rd2 36. Be4 Rxb2 37. Bxa8 Nf4 38. Be4 Kf8 39. Kf1 Ke7 40. Rc1 Ra2 41. g3 Nxh3 42. f3 Rf2+ 43. Ke1 Rg2 44. Rxc4 Ke6 45. g4 Rg1+ 46. Kd2 Kxe5 47. Rc5+ Kd6 48. Rc6+ Kd7 49. Ra6 Nf4 50. Ra7+ Ke6 51. Ra6+ Ke7 52. Ra7+ Kf6 53. Ra6+ Ne6 54. Bf5 Ke5 55. Bxe6 fxe6 56. Ke3 1/2-1/2

[Event "Odorheiu Secuiesc"]
[Site "Odorheiu Secuiesc"]
[Date "1993.??.??"]
[Round "10"]
[White "Sax, Gyula"]
[Black "Wells, Peter K"]
[Result "1/2-1/2"]
[WhiteElo "2570"]
[BlackElo "2485"]
[PlyCount "67"]
[EventDate "1993.05.??"]
[Source "ChessBase"]

1. e4 e5 2. Nf3 Nc6 3. Bb5 a6 4. Ba4 Nf6 5. O-O Be7 6. Re1 b5 7. Bb3 d6 8. c3 O-O 9. h3 Nb8 10. d3 Bb7 11. Nbd2 Nbd7 12. Nf1 Nc5 13. Bc2 Re8 14. Ne3 Bf8 15. b4 Ncd7 16. Bb3 Nb6 17. Bb2 g6 18. c4 bxc4 19. Nxc4 Nxc4 20. Bxc4 Nd7 21. Qb3 Qe7 22. d4 Rab8 23. Rac1 exd4 24. Bxd4 c5 25. bxc5 Nxc5 26. Bxc5 dxc5 27. Qa4 Bg7 28. Rcd1 Red8 29. Rb1 Bc3 30. Re3 Bc6 31. Qc2 Bg7 32. Rxb8 Rxb8 33. e5 Bh6 34. Rb3 1/2-1/2

[Event "Sarajevo"]
[Site "Sarajevo BIH"]
[Date "1971.??.??"]
[Round "10"]
[White "Matulovic, Milan"]
[Black "Lengyel, Levente"]
[Result "1/2-1/2"]
[WhiteElo "2550"]
[BlackElo "2490"]
[PlyCount "34"]
[EventDate "1971.??.??"]
[Source "www.chesslib.no"]
[SourceDate "2004.05.04"]

1. e4 e5 2. Nf3 Nc6 3. Bb5 a6 4. Ba4 Nf6 5. O-O Be7 6. Re1 b5 7. Bb3 d6 8. c3 O-O 9. h3 Nb8 10. a4 Bb7 11. axb5 axb5 12. Rxa8 Bxa8 13. d3 Nbd7 14. Na3 Qb8 15. Nc2 c5 16. Bg5 c4 17. Bxf6 Nxf6 1/2-1/2

[Event "YUG-ch"]
[Site "?"]
[Date "1978.01.29"]
[Round "8"]
[White "Matulovic Milan"]
[Black "Matanovic Aleksandar"]
[Result "1/2-1/2"]
[WhiteElo "2525"]
[BlackElo "2505"]
[PlyCount "48"]
[EventDate "1978.??.??"]
[Source "www.chesslib.no"]
[SourceDate "2004.05.04"]

1. e4 e5 2. Nf3 Nc6 3. Bb5 a6 4. Ba4 Nf6 5. O-O Be7 6. Re1 b5 7. Bb3 d6 8. c3 O-O 9. h3 Nb8 10. a4 Bb7 11. d3 Nbd7 12. axb5 axb5 13. Rxa8 Bxa8 14. Na3 Bc6 15. Bg5 Nc5 16. Bc2 Re8 17. d4 exd4 18. Nxd4 Bxe4 19. Naxb5 Qd7 20. Bxf6 Bxf6 21. Bxe4 Nxe4 22. Qg4 Qxg4 23. hxg4 Bxd4 24. Nxd4 Kf8 1/2-1/2

[Event "Sukhumi"]
[Site "Sukhumi GEO"]
[Date "1972.08.17"]
[Round "2"]
[White "Liberzon, Vladimir M"]
[Black "Ree, Hans"]
[Result "1/2-1/2"]
[WhiteElo "2540"]
[BlackElo "2480"]
[PlyCount "54"]
[EventDate "1972.08.16"]
[Source "www.chesslib.no"]
[SourceDate "2004.05.04"]

1. e4 e5 2. Nf3 Nc6 3. Bb5 a6 4. Ba4 Nf6 5. O-O Be7 6. Re1 b5 7. Bb3 d6 8. c3 O-O 9. h3 Nb8 10. d3 Nbd7 11. Nbd2 Bb7 12. Nf1 Nc5 13. Bc2 Re8 14. Ng3 Bf8 15. b4 Ncd7 16. Bb3 a5 17. a3 h6 18. d4 Qb8 19. Bb2 Nb6 20. Nd2 axb4 21. cxb4 Na4 22. Bxa4 Rxa4 23. dxe5 dxe5 24. Nb3 c5 25. Nxc5 Bxc5 26. bxc5 Nxe4 27. Nxe4 Rxe4 1/2-1/2

[Event "Najdorf mem Great fin"]
[Site "Buenos Aires"]
[Date "2002.10.03"]
[Round "2.1"]
[White "Spangenberg, Hugo"]
[Black "Slipak, Sergio"]
[Result "1/2-1/2"]
[WhiteElo "2508"]
[BlackElo "2498"]
[PlyCount "96"]
[EventDate "2002.09.01"]
[Source "ChessBase"]
[SourceDate "2002.11.06"]

1. e4 e5 2. Nf3 Nc6 3. Bb5 a6 4. Ba4 Nf6 5. O-O Be7 6. Re1 b5 7. Bb3 d6 8. c3 O-O 9. h3 Nb8 10. d3 h6 11. Nbd2 Re8 12. Nf1 Bf8 13. Ng3 g6 14. Be3 Be6 15. Bc2 Nbd7 16. d4 c6 17. Nh2 h5 18. Nf3 Qc7 19. Ng5 d5 20. dxe5 Nxe5 21. Bd4 h4 22. Nxe6 Rxe6 23. exd5 Nxd5 24. Ne4 Rae8 25. Ng5 R6e7 26. Re4 c5 27. Bxe5 Rxe5 28. Rxe5 Qxe5 29. Qg4 Qf4 30. Ne4 Qxg4 31. hxg4 f5 32. Rd1 fxe4 33. Rxd5 e3 34. fxe3 Rxe3 35. Kf2 Re6 36. Kf3 Kf7 37. Be4 Rd6 38. Rxd6 Bxd6 39. Bb7 a5 40. Ke4 b4 41. Kd5 Ke7 42. Bc6 bxc3 43. bxc3 c4 44. g5 Bf4 45. Kxc4 Kd6 46. Kb5 Bxg5 47. Be4 Bd2 48. c4 Kc7 1/2-1/2

[Event "Luxembourg 7th"]
[Site "Luxembourg"]
[Date "1971.??.??"]
[Round "1"]
[White "Matanovic, Aleksandar"]
[Black "Dely, Peter"]
[Result "1-0"]
[WhiteElo "2520"]
[BlackElo "2480"]
[PlyCount "51"]
[EventDate "1971.07.03"]
[Source "www.chesslib.no"]
[SourceDate "2004.05.04"]

1. e4 e5 2. Nf3 Nc6 3. Bb5 a6 4. Ba4 Nf6 5. O-O Be7 6. Re1 b5 7. Bb3 d6 8. c3 O-O 9. h3 Nb8 10. d3 Nbd7 11. Nbd2 Bb7 12. Nf1 Nc5 13. Bc2 Re8 14. Ne3 Bf8 15. b4 Ncd7 16. Bb3 c6 17. c4 d5 18. cxd5 cxd5 19. Bd2 Nb6 20. exd5 Bd6 21. Ng5 h6 22. Ne4 Nbxd5 23. Nf5 Bf8 24. Qf3 Kh7 25. Nxh6 gxh6 26. Bxd5 1-0

[Event "Stara Zagora zt-A"]
[Site "Stara Zagora"]
[Date "1990.??.??"]
[Round "9"]
[White "Tolnai, Tibor"]
[Black "Lukacs, Peter"]
[Result "0-1"]
[WhiteElo "2490"]
[BlackElo "2505"]
[PlyCount "72"]
[EventDate "1990.02.??"]
[Source "ChessBase"]

1. e4 e5 2. Nf3 Nc6 3. Bb5 a6 4. Ba4 Nf6 5. O-O Be7 6. Re1 b5 7. Bb3 O-O 8. h3 Bb7 9. d3 d6 10. c3 Nb8 11. Nbd2 Nbd7 12. Nf1 Nc5 13. Bc2 Re8 14. Ng3 Bf8 15. Nh2 d5 16. Ng4 Nxg4 17. Qxg4 Kh8 18. Nf5 a5 19. Be3 Nd7 20. h4 Ra6 21. a4 b4 22. h5 h6 23. Bb3 Nf6 24. Qh3 Qd7 25. cxb4 axb4 26. Red1 c5 27. f4 exf4 28. Bxf4 c4 29. dxc4 Rxe4 30. Be3 Ng4 31. Bc2 Qxf5 32. Bxe4 Qxe4 33. Bd4 dxc4 34. Kh1 Ra5 35. Rd2 Rd5 36. Rad1 Rxd4 0-1

[Event "WchT 3rd"]
[Site "Luzern"]
[Date "1993.??.??"]
[Round "8"]
[White "Rodriguez Cespedes, Amador"]
[Black "Stefansson, Hannes"]
[Result "1/2-1/2"]
[WhiteElo "2490"]
[BlackElo "2500"]
[PlyCount "67"]
[EventDate "1993.10.??"]
[Source "ChessBase"]

1. e4 e5 2. Nf3 Nc6 3. Bb5 a6 4. Ba4 Nf6 5. O-O Be7 6. Re1 b5 7. Bb3 d6 8. c3 O-O 9. h3 Nb8 10. d3 Nbd7 11. Nbd2 Bb7 12. Nf1 Nc5 13. Bc2 Re8 14. Ng3 Bf8 15. b4 Ncd7 16. d4 h6 17. Bd2 Nb6 18. Bd3 g6 19. Qc2 Bg7 20. Rad1 Nfd7 21. Qc1 Kh7 22. h4 c5 23. bxc5 dxc5 24. d5 Nf6 25. c4 b4 26. Nh2 Bc8 27. Be2 Bd7 28. Qb1 Qc8 29. Qd3 a5 30. h5 g5 31. Nhf1 Qc7 32. Ne3 Nc8 33. Bc1 Nd6 34. Rd2 1/2-1/2

[Event "YUG-ch"]
[Site "?"]
[Date "1978.02.07"]
[Round "15"]
[White "Hulak Krunoslav"]
[Black "Kurajica Bojan"]
[Result "1/2-1/2"]
[WhiteElo "2450"]
[BlackElo "2530"]
[PlyCount "31"]
[EventDate "1978.??.??"]
[Source "www.chesslib.no"]
[SourceDate "2004.05.04"]

1. e4 e5 2. Nf3 Nc6 3. Bb5 a6 4. Ba4 Nf6 5. O-O Be7 6. Re1 b5 7. Bb3 d6 8. c3 O-O 9. h3 Nb8 10. d3 Nbd7 11. Nbd2 Bb7 12. Nf1 Nc5 13. Bc2 Re8 14. Ng3 Bf8 15. b4 Ncd7 16. a4 1/2-1/2

[Event "EUCup final"]
[Site "Solingen"]
[Date "1976.??.??"]
[Round "?"]
[White "Westerinen, Heikki MJ"]
[Black "Razuvaev, Yuri S"]
[Result "1/2-1/2"]
[WhiteElo "2485"]
[BlackElo "2495"]
[PlyCount "54"]
[EventDate "1976.??.??"]
[Source "ChessBase"]

1. e4 e5 2. Nf3 Nc6 3. Bb5 a6 4. Ba4 Nf6 5. O-O Be7 6. Re1 b5 7. Bb3 d6 8. c3 O-O 9. h3 Nb8 10. d3 Nbd7 11. Nbd2 Bb7 12. Nf1 Nc5 13. Bc2 Re8 14. Ng3 Bf8 15. b4 Ncd7 16. d4 a5 17. bxa5 Rxa5 18. Bd2 Ra3 19. Qb1 c6 20. Bc1 Ra6 21. Bb3 h6 22. a4 Qa8 23. dxe5 Nxe5 24. Nxe5 dxe5 25. Be3 Bc8 26. axb5 cxb5 27. Rxa6 Qxa6 1/2-1/2

[Event "Buenos Aires ol (Men)"]
[Site "Buenos Aires ARG"]
[Date "1978.??.??"]
[Round "9"]
[White "Rodriguez, Amador C"]
[Black "Matanovic, Aleksandar"]
[Result "1-0"]
[WhiteElo "2470"]
[BlackElo "2505"]
[PlyCount "92"]
[EventDate "1978.10.25"]
[Source "www.chesslib.no"]
[SourceDate "2004.05.04"]

1. e4 e5 2. Nf3 Nc6 3. Bb5 a6 4. Ba4 Nf6 5. O-O Be7 6. Re1 b5 7. Bb3 d6 8. c3 O-O 9. h3 Nb8 10. d3 Nbd7 11. Nbd2 Bb7 12. Nf1 Nc5 13. Bc2 Re8 14. Ng3 Bf8 15. b4 Ncd7 16. d4 g6 17. Bd2 Bg7 18. Bd3 d5 19. Bg5 h6 20. Bxf6 Qxf6 21. a4 exd4 22. cxd4 dxe4 23. Nxe4 Qf4 24. Qc2 bxa4 25. Re3 Bxe4 26. Bxe4 Rab8 27. Rxa4 Qd6 28. Qa2 Re6 29. Bd5 Rf6 30. Ne5 Rf8 31. Bb3 Nb6 32. Rxa6 Qxd4 33. Ra7 Qd6 34. Qc2 Rf5 35. Nxf7 R8xf7 36. Rxc7 Be5 37. Rxf7 Rxf7 38. Rxe5 Kf8 39. Bxf7 Qxe5 40. Qxg6 Qe1+ 41. Kh2 Qxb4 42. Qf6 Nd7 43. Qf5 Qd6+ 44. g3 Nf6 45. Bc4 Qd4 46. Kg2 Kg7 1-0

[Event "X Open Anibal"]
[Site "Linares"]
[Date "2003.03.01"]
[Round "2.10"]
[White "Abdelnnabi, Imed"]
[Black "Sorokin, Maxim"]
[Result "1/2-1/2"]
[WhiteElo "2413"]
[BlackElo "2560"]
[PlyCount "89"]
[EventDate "2003.03.01"]
[Source "Roberto Alvarez"]
[SourceDate "2003.03.03"]

1. e4 e5 2. Nf3 Nc6 3. Bb5 a6 4. Ba4 Nf6 5. O-O Be7 6. Re1 b5 7. Bb3 d6 8. c3 O-O 9. h3 Nb8 10. d3 c5 11. Nbd2 Nc6 12. Nf1 Be6 13. Ne3 Qd7 14. Nh2 Rae8 15. Qf3 Bd8 16. Bc2 Kh8 17. Nf5 Ng8 18. a4 b4 19. Ne3 g6 20. Qd1 Bg5 21. Nf3 Bf4 22. a5 Rb8 23. Ba4 Qc7 24. Nd5 Bxd5 25. Bxf4 exf4 26. exd5 Ne5 27. Nxe5 dxe5 28. Qe2 f6 29. d4 bxc3 30. bxc3 cxd4 31. cxd4 Qxa5 32. Bc6 Qc7 33. dxe5 fxe5 34. Rxa6 Rf5 35. d6 Qg7 36. Qa2 Qf8 37. Be4 Rf7 38. Bd5 Rd7 39. Rxe5 Rxd6 40. Rxd6 Qxd6 41. Re6 Qc7 42. Rc6 Qe5 43. Rc1 Nf6 44. Bf3 Kg7 45. Qa1 1/2-1/2

[Event "EU-ch 2nd"]
[Site "Ohrid"]
[Date "2001.06.04"]
[Round "4"]
[White "Kuzmin, Gennadi P"]
[Black "Khruschiov, Alexey"]
[Result "1-0"]
[WhiteElo "2569"]
[BlackElo "2400"]
[PlyCount "99"]
[EventDate "2001.06.01"]
[Source "ChessBase"]
[SourceDate "2001.09.13"]

1. e4 e5 2. Nf3 Nc6 3. Bb5 a6 4. Ba4 Nf6 5. O-O Be7 6. Re1 b5 7. Bb3 d6 8. c3 O-O 9. h3 Nb8 10. a4 Bb7 11. d3 Nbd7 12. Nbd2 Nc5 13. Bc2 Nxa4 14. Bxa4 bxa4 15. Qxa4 Nd7 16. Qc2 Ra7 17. d4 Qa8 18. dxe5 dxe5 19. Nf1 a5 20. Ng3 Rb8 21. Be3 c5 22. Nh2 Bc6 23. Bc1 g6 24. Ng4 h5 25. Nh6+ Kf8 26. Qe2 Nf6 27. Qf3 h4 28. Bg5 hxg3 29. Bxf6 Rxb2 30. fxg3 Qd8 31. Bxe5 Bg5 32. Ng4 f5 33. h4 Rf7 34. Rad1 Qe8 35. Bd6+ Be7 36. Ne5 Bxd6 37. Nxf7 Kxf7 38. Rxd6 Bxe4 39. Qf1 a4 40. Qc4+ Kg7 41. Qxc5 Rxg2+ 42. Kf1 Rh2 43. Re2 Rh1+ 44. Kf2 Rh2+ 45. Ke1 Rh1+ 46. Kd2 Ra1 47. h5 Ra2+ 48. Ke1 Rxe2+ 49. Kxe2 f4 50. gxf4 1-0

[Event "Hoogovens-B"]
[Site "Wijk aan Zee"]
[Date "1971.??.??"]
[Round "?"]
[White "Ciocaltea, Victor"]
[Black "Forintos, Gyozo V"]
[Result "1/2-1/2"]
[WhiteElo "2460"]
[BlackElo "2500"]
[PlyCount "64"]
[EventDate "1971.01.??"]
[Source "ChessBase"]

1. e4 e5 2. Nf3 Nc6 3. Bb5 a6 4. Ba4 Nf6 5. O-O Be7 6. Re1 b5 7. Bb3 d6 8. c3 O-O 9. h3 Nb8 10. d3 c5 11. Nbd2 Bb7 12. Nf1 c4 13. dxc4 bxc4 14. Bxc4 Nbd7 15. Ng3 Nc5 16. Nd2 Qc7 17. Bf1 g6 18. b4 Ne6 19. c4 a5 20. b5 Nd7 21. Nb1 Nb6 22. Bh6 Rfc8 23. Nc3 Nxc4 24. Rc1 Nb6 25. Nd5 Qd8 26. Nxb6 Qxb6 27. Bc4 Bf8 28. Be3 Nd4 29. a4 Bg7 30. Qd3 Qd8 31. Ba2 d5 32. exd5 Bxd5 1/2-1/2

[Event "Campionato europeo 2007"]
[Site "Dresda GER"]
[Date "2007.04.03"]
[Round "1.81"]
[White "Durarbeyli, Vasif"]
[Black "Atalik, Suat"]
[Result "1/2-1/2"]
[WhiteElo "2368"]
[BlackElo "2584"]
[PlyCount "109"]
[EventDate "2007.04.03"]
[Source "www.chesslib.no"]
[SourceDate "2004.05.04"]

1. e4 e5 2. Nf3 Nc6 3. Bb5 a6 4. Ba4 Nf6 5. O-O Be7 6. Re1 b5 7. Bb3 d6 8. c3 O-O 9. h3 Nb8 10. d3 Nbd7 11. Nbd2 Bb7 12. Nf1 Nc5 13. Bc2 Re8 14. Ng3 Bf8 15. b4 Ncd7 16. d4 g6 17. Bd2 Bg7 18. Qc1 Qe7 19. Bh6 Qf8 20. Bxg7 Qxg7 21. a4 c6 22. Qd2 Rad8 23. Bb3 Nf8 24. Rad1 exd4 25. cxd4 Ne6 26. Qa2 d5 27. axb5 cxb5 28. e5 Ne4 29. Nxe4 dxe4 30. d5 exf3 31. dxe6 fxe6 32. Bxe6+ Kf8 33. Rxd8 Rxd8 34. g3 Qe7 35. Qb3 Rd4 36. Qe3 Qxb4 37. Rc1 Qd2 38. Qxd2 Rxd2 39. Rc7 Be4 40. g4 h6 41. Rf7+ Ke8 42. Ra7 g5 43. Bf5 Re2 44. Bxe4 Rxe4 45. Rxa6 Rxe5 46. Rxh6 Kd7 47. Kh2 Re6 48. Rh7+ Re7 49. Rh5 Re5 50. Rh8 Re8 51. Rh7+ Re7 52. Rh8 Re8 53. Rh7+ Re7 54. Rh5 Re5 55. Rh7+ 1/2-1/2

[Event "HUN-ch"]
[Site "Budapest"]
[Date "1976.??.??"]
[Round "6"]
[White "Sax, Gyula"]
[Black "Pinter, Jozsef"]
[Result "1-0"]
[WhiteElo "2530"]
[BlackElo "2420"]
[PlyCount "99"]
[EventDate "1976.12.??"]
[Source "ChessBase"]

1. e4 e5 2. Nf3 Nc6 3. Bb5 a6 4. Ba4 Nf6 5. O-O Be7 6. Re1 b5 7. Bb3 O-O 8. h3 Bb7 9. d3 d6 10. c3 Nb8 11. Nbd2 Nbd7 12. Nf1 Nc5 13. Bc2 Re8 14. Ng3 g6 15. b4 Ncd7 16. Bb3 Bf8 17. d4 c5 18. bxc5 dxc5 19. d5 c4 20. Bc2 Nc5 21. Nh2 Bc8 22. f4 exf4 23. Bxf4 Bg7 24. Nf3 Nfd7 25. Qd2 Ne5 26. Nxe5 Bxe5 27. Rf1 Nd7 28. Ne2 Bg7 29. Nd4 Ne5 30. Qf2 Rf8 31. a4 Bd7 32. Qg3 Qe7 33. Kh1 Rfe8 34. Nf3 f6 35. Nxe5 fxe5 36. Bc1 Rf8 37. Rxf8+ Qxf8 38. Ba3 Qf4 39. Qxf4 exf4 40. Bb4 Kf7 41. axb5 Bxb5 42. Ba4 Be8 43. Kg1 g5 44. Kf2 a5 45. Bd1 a4 46. Bh5+ Kf6 47. e5+ Kf5 48. Bg4+ Kg6 49. e6 Rb8 50. Re1 1-0

[Event "Titovo Uzice"]
[Site "?"]
[Date "1978.??.??"]
[Round "1"]
[White "Todorcevic Miodrag"]
[Black "Ermenkov Evgenij"]
[Result "1/2-1/2"]
[WhiteElo "2425"]
[BlackElo "2520"]
[PlyCount "32"]
[EventDate "1978.??.??"]
[Source "www.chesslib.no"]
[SourceDate "2004.05.04"]

1. e4 e5 2. Nf3 Nc6 3. Bb5 a6 4. Ba4 Nf6 5. O-O Be7 6. Re1 b5 7. Bb3 d6 8. c3 O-O 9. h3 Nb8 10. a4 Bb7 11. d3 Nbd7 12. axb5 axb5 13. Rxa8 Bxa8 14. Na3 Qb8 15. Bd2 Nc5 16. Bc2 Re8 1/2-1/2

[Event "Schneider Memorial Open"]
[Site "Budapest HUN"]
[Date "1991.??.??"]
[Round "9"]
[White "Kuporosov, Viktor"]
[Black "Moiseev, Viktor"]
[Result "1/2-1/2"]
[WhiteElo "2485"]
[BlackElo "2460"]
[PlyCount "27"]
[EventDate "1991.??.??"]
[Source "www.chesslib.no"]
[SourceDate "2004.05.04"]

1. e4 e5 2. Nf3 Nc6 3. Bb5 a6 4. Ba4 Nf6 5. O-O Be7 6. Re1 b5 7. Bb3 O-O 8. c3 d6 9. h3 Nb8 10. d3 Bb7 11. Nbd2 Nbd7 12. Nf1 Re8 13. Ng3 Bf8 14. Bd2 1/2-1/2